[Event "SVR-ch MTA"]
[Site "Lahnstein"]
[Date "2019.04.19"]
[Round "6"]
[White "Schoen, Ralf"]
[Black "Kessler, Andreas"]
[Result "1/2-1/2"]
[WhiteElo "2057"]
[BlackElo "2114"]
[PlyCount "86"]
[EventDate "2019.04.13"]
[EventType "tourn"]
[EventRounds "7"]
[EventCountry "GER"]
[SourceTitle "EXT 2021"]
[Source "ChessBase"]
[SourceDate "2020.10.23"]
[SourceVersion "1"]
[SourceVersionDate "2020.10.23"]
[SourceQuality "1"]

1. e4 Nc6 2. Nf3 e6 3. d4 d5 4. e5 Bd7 5. Bf4 Qe7 6. Nc3 0-0-0 7. a3 Kb8 8. Qd2 Rc8 9. h4 Qe8 10. Rh3 Be7 11. h5 f5 12. Nd1 Nd8 13. c4 c6 14. c5 Nf7 15. a4 Ka8 16. Nc3 b6 17. b4 Rb8 18. a5 b5 19. 0-0-0 Ngh6 20. Bd3 Qd8 21. Rdh1 Rg8 22. Rg3 Ng4 23. Nh2 Bh4 24. Rxg4 fxg4 25. Bxh7 Rh8 26. Bg6 Nh6 27. g3 Be7 28. Bxh6 Rxh6 29. Nxg4 Rh8 30. f4 Be8 31. Qd3 Bf8 32. Nf2 Qe7 33. Qf3 Bf7 34. Ne2 Qe8 35. Qg4 Rh6 36. Bxf7 Qxf7 37. Ng1 Be7 38. Qf3 Rbh8 39. g4 Kb7 40. Ne2 Kc7 41. Ng3 g6 42. Kd2 gxh5 43. Nxh5 R6h7 1/2-1/2

[Event "SVR-ch MTA"]
[Site "Lahnstein"]
[Date "2019.04.13"]
[Round "1"]
[White "Wohde, Jens"]
[Black "Kessler, Andreas"]
[Result "1-0"]
[WhiteElo "1977"]
[BlackElo "2114"]
[PlyCount "83"]
[EventDate "2019.04.13"]
[EventType "tourn"]
[EventRounds "7"]
[EventCountry "GER"]
[SourceTitle "EXT 2021"]
[Source "ChessBase"]
[SourceDate "2020.10.23"]
[SourceVersion "1"]
[SourceVersionDate "2020.10.23"]
[SourceQuality "1"]

1. e4 g6 2. d4 Bg7 3. Nf3 d6 4. Bc4 Nf6 5. Nc3 0-0 6. e5 Ne8 7. Bf4 Nc6 8. Qe2 Bg4 9. Rd1 e6 10. h3 Bxf3 11. Qxf3 Qe7 12. Bb5 d5 13. h4 f6 14. Qe3 fxe5 15. Bxe5 Bxe5 16. Bxc6 Bf4 17. Nxd5 Bxe3 18. Nxe7+ Kf7 19. Bxe8+ Kxe7 20. fxe3 Raxe8 21. Ke2 Rf5 22. Rdf1 Rb5 23. b3 c5 24. c4 Ra5 25. a4 a6 26. Rf4 cxd4 27. exd4 e5 28. Re4 Kd7 29. d5 Kd6 30. Rf1 Re7 31. Rf6+ Kd7 32. Kd3 Rc5 33. b4 Rc8 34. c5 Rce8 35. Rb6 Kc8 36. Rf6 Rd7 37. d6 Rg7 38. Kc4 g5 39. h5 g4 40. Rf5 g3 41. Kd5 Kd8 42. b5 1-0

[Event "Rheinland Pfalz op 10th"]
[Site "Nickenich"]
[Date "2018.05.31"]
[Round "1"]
[White "Marechal, Georges"]
[Black "Kessler, Andreas"]
[Result "0-1"]
[WhiteElo "1682"]
[BlackElo "2125"]
[PlyCount "54"]
[EventDate "2018.05.31"]
[EventType "swiss"]
[EventRounds "7"]
[EventCountry "GER"]
[SourceTitle "CBM 184 Extra"]
[Source "ChessBase"]
[SourceDate "2018.06.28"]
[SourceVersion "1"]
[SourceVersionDate "2018.06.28"]
[SourceQuality "1"]

1. e4 Nc6 2. Nf3 e5 3. Bb5 Nge7 4. d4 exd4 5. Nxd4 g6 6. 0-0 Bg7 7. Bxc6 bxc6 8. c3 0-0 9. Bg5 h6 10. Bh4 Bb7 11. Qb3 Rb8 12. Qa3 g5 13. Bg3 d6 14. Nd2 c5 15. N4b3 Qd7 16. f3 Qc6 17. Na5 Qa6 18. Ndc4 Bc8 19. Rac1 Be6 20. b3 Rb5 21. Rfd1 Nc8 22. b4 Rb8 23. bxc5 Bxc4 24. Nxc4 Qxc4 25. cxd6 cxd6 26. Bxd6 Nxd6 27. Rxd6 Qe2 0-1

[Event "SVR-op"]
[Site "Hennweiler"]
[Date "2018.03.30"]
[Round "6"]
[White "Kessler, Andreas"]
[Black "Konstantinovskij, Dimitrij"]
[Result "1-0"]
[WhiteElo "2076"]
[BlackElo "1848"]
[PlyCount "81"]
[EventDate "2018.03.24"]
[EventType "swiss"]
[EventRounds "7"]
[EventCountry "GER"]
[SourceTitle "EXT 2020"]
[Source "ChessBase"]
[SourceDate "2019.10.17"]
[SourceVersion "1"]
[SourceVersionDate "2019.10.17"]
[SourceQuality "1"]

1. Nf3 Nf6 2. g3 e6 3. Bg2 d5 4. d3 b6 5. 0-0 Bb7 6. c3 Be7 7. Qc2 0-0 8. Re1 c5 9. Nbd2 Nbd7 10. e4 dxe4 11. dxe4 a6 12. c4 e5 13. b3 Qc7 14. Bb2 Rfe8 15. Nb1 Bd6 16. Nc3 Nf8 17. Nd5 Nxd5 18. exd5 Bc8 19. Nxe5 f6 20. Nf3 Bg4 21. Nh4 Qd7 22. Be4 Be5 23. Bxe5 Rxe5 24. f4 Rh5 25. Bg2 Bh3 26. Qe2 Bg4 27. Qe7 Rd8 28. Qxd7 Rxd7 29. h3 Bf5 30. Bf3 Rxh4 31. gxh4 Bxh3 32. Kh2 Bf5 33. Kg3 Bg6 34. h5 Bf5 35. Re8 b5 36. Rae1 Kf7 37. Rc8 bxc4 38. bxc4 Rb7 39. Rxc5 Nd7 40. d6 Rb2 41. Bd5+ 1-0

[Event "SVR-op"]
[Site "Hennweiler"]
[Date "2018.03.29"]
[Round "5"]
[White "Derlich, Manfred"]
[Black "Kessler, Andreas"]
[Result "0-1"]
[WhiteElo "1863"]
[BlackElo "2076"]
[PlyCount "124"]
[EventDate "2018.03.24"]
[EventType "swiss"]
[EventRounds "7"]
[EventCountry "GER"]
[SourceTitle "EXT 2020"]
[Source "ChessBase"]
[SourceDate "2019.10.17"]
[SourceVersion "1"]
[SourceVersionDate "2019.10.17"]
[SourceQuality "1"]

1. g3 Nf6 2. Bg2 d5 3. Nf3 g6 4. 0-0 Bg7 5. c4 0-0 6. cxd5 Nxd5 7. Nc3 c6 8. Qb3 Nb6 9. d3 Be6 10. Qc2 Na6 11. b3 Qc8 12. Bb2 Bg4 13. Na4 Nxa4 14. Bxg7 Kxg7 15. bxa4 f6 16. a5 Qd7 17. Qc3 e5 18. Rfe1 Rad8 19. Rab1 Rf7 20. Nd2 Qd4 21. Rbc1 Be6 22. Nb3 Qxc3 23. Rxc3 Bd5 24. Nc5 Nxc5 25. Rxc5 Bxg2 26. Kxg2 a6 27. Rb1 Rd4 28. Rc4 Rd5 29. Ra4 Kf8 30. Kf3 Ke8 31. Rab4 Rdd7 32. Ke3 Kd8 33. d4 exd4+ 34. Rxd4 Rfe7+ 35. Re4 Rxe4+ 36. Kxe4 Kc7 37. Rb2 Rd5 38. g4 Rxa5 39. f4 Ra4+ 40. Kf3 Ra3+ 41. Kf2 b5 42. Rd2 a5 43. e4 Rh3 44. Rd4 Rxh2+ 45. Kf3 Rh3+ 46. Kf2 Rc3 47. Rd1 g5 48. fxg5 fxg5 49. e5 Rc5 50. Re1 Kd7 51. e6+ Ke7 52. Re2 Rd5 53. Kf3 Rd6 54. Rh2 Rxe6 55. Rxh7+ Kd6 56. Ra7 a4 57. Rb7 Re5 58. Ra7 Kd5 59. Rb7 Kc4 60. Rf7 b4 61. Rf5 Rd5 62. Ke3 b3 0-1

[Event "LUX-chT 2016/17"]
[Site "Luxembourg"]
[Date "2016.10.23"]
[Round "3"]
[White "Le Corre, Benjamin"]
[Black "Kessler, Andreas"]
[Result "1-0"]
[WhiteElo "2278"]
[BlackElo "2118"]
[PlyCount "40"]
[EventDate "2016.09.25"]
[EventType "team-tourn"]
[EventRounds "10"]
[EventCountry "LUX"]
[SourceTitle "EXT 2018"]
[Source "ChessBase"]
[SourceDate "2017.10.13"]
[SourceVersion "1"]
[SourceVersionDate "2017.10.13"]
[SourceQuality "1"]

1. e4 Nc6 2. Nf3 e5 3. Bb5 Nge7 4. Nc3 g6 5. d4 exd4 6. Nd5 Nxd5 7. exd5 Qe7+ 8. Be2 Nb4 9. 0-0 Bg7 10. Nxd4 0-0 11. Bf3 d6 12. Re1 Qd7 13. c3 c5 14. Ne6 fxe6 15. dxe6 Qe7 16. cxb4 cxb4 17. Qb3 a5 18. Bg5 Bf6 19. Bh6 Re8 20. Bd5 Bd7 1-0

[Event "LUX-chT 2016/17"]
[Site "Luxembourg"]
[Date "2016.10.09"]
[Round "2"]
[White "Kessler, Andreas"]
[Black "Dishman, Stephen"]
[Result "0-1"]
[WhiteElo "2118"]
[BlackElo "2330"]
[PlyCount "122"]
[EventDate "2016.09.25"]
[EventType "team-tourn"]
[EventRounds "10"]
[EventCountry "LUX"]
[SourceTitle "EXT 2018"]
[Source "ChessBase"]
[SourceDate "2017.10.13"]
[SourceVersion "1"]
[SourceVersionDate "2017.10.13"]
[SourceQuality "1"]

1. e4 c6 2. Nc3 d5 3. d4 dxe4 4. Nxe4 Bf5 5. Ng3 Bg6 6. h4 h6 7. Nf3 Nd7 8. h5 Bh7 9. Bd3 Bxd3 10. Qxd3 e6 11. Bf4 Qa5+ 12. Bd2 Bb4 13. a3 Bxd2+ 14. Qxd2 Qc7 15. Rh4 Ngf6 16. 0-0-0 c5 17. dxc5 Nxc5 18. Kb1 0-0 19. Qd6 Rac8 20. Qxc7 Rxc7 21. Ne5 Rfc8 22. Rhd4 Kf8 23. Ka2 Ke7 24. c3 Ncd7 25. Nd3 Rc4 26. Rxc4 Rxc4 27. Re1 Kd6 28. Rd1 Nd5 29. Rh1 a5 30. Kb3 b5 31. f3 f5 32. Nf1 N7f6 33. Nd2 a4+ 34. Ka2 Rc7 35. Rh4 Ne3 36. g3 Nfd5 37. Nb4 e5 38. g4 Nxb4+ 39. axb4 fxg4 40. fxg4 Kd5 41. g5 hxg5 42. Rh3 Nf5 43. Rd3+ Kc6 44. Ne4 g4 45. Rd1 Rc8 46. Rg1 Rh8 47. Rxg4 Rxh5 48. Nc5 Kd5 49. c4+ bxc4 50. Nxa4 Nd6 51. Rxg7 e4 52. Re7 Rh8 53. Nc3+ Kd4 54. Re6 Rd8 55. Kb1 Kd3 56. b5 e3 57. Kc1 Nf5 58. b6 Nd4 59. Re7 e2 60. b7 Rg8 61. Kb1 Rf8 0-1

[Event "Stuttgart-chA int"]
[Site "Ditzingen"]
[Date "2016.05.07"]
[Round "5"]
[White "Kessler, Andreas"]
[Black "Reichenbaecher, Thomas"]
[Result "1-0"]
[WhiteElo "2128"]
[BlackElo "1990"]
[PlyCount "111"]
[EventDate "2016.05.05"]
[EventType "swiss"]
[EventRounds "7"]
[EventCountry "GER"]
[SourceTitle "EXT 2018"]
[Source "ChessBase"]
[SourceDate "2017.10.13"]
[SourceVersion "1"]
[SourceVersionDate "2017.10.13"]
[SourceQuality "1"]

1. d4 d5 2. Nf3 Nf6 3. Bg5 e6 4. e3 Be7 5. h3 0-0 6. Bd3 c5 7. c3 Ne4 8. Bxe7 Qxe7 9. Nbd2 f5 10. Qe2 c4 11. Bxe4 fxe4 12. Ne5 Nd7 13. f4 Nxe5 14. dxe5 Qh4+ 15. Qf2 Qxf2+ 16. Kxf2 Bd7 17. h4 h5 18. Rhc1 g6 19. Rg1 Kf7 20. g4 Rh8 21. Rg2 Rag8 22. Rag1 Rh6 23. Nf1 hxg4 24. Rxg4 Rgh8 25. h5 Rxh5 26. Rxg6 R8h7 27. Rf6+ Ke7 28. Rgg6 Kd8 29. Rg8+ Kc7 30. Rfg6 Rh3 31. R8g7 Rxg7 32. Rxg7 Rh6 33. Kg2 Kc6 34. Ng3 a6 35. Ne2 Kc7 36. Nd4 Kc8 37. Rg8+ Kc7 38. Rg7 Kc8 39. Rg5 Kd8 40. Ne2 Be8 41. Ng3 Rg6 42. Rxg6 Bxg6 43. Kh3 Ke7 44. Kg4 Kf7 45. Kg5 Bh7 46. a4 a5 47. f5 exf5 48. Ne2 Ke6 49. Kf4 Bg6 50. Nd4+ Kd7 51. Nxf5 Bh5 52. e6+ Kd8 53. Ke5 Bd1 54. Kxd5 Bxa4 55. Kxc4 Bc6 56. Kd4 1-0

[Event "Stuttgart-chA int"]
[Site "Ditzingen"]
[Date "2016.05.06"]
[Round "3"]
[White "Kessler, Andreas"]
[Black "Luedke, Joshua"]
[Result "0-1"]
[WhiteElo "2128"]
[BlackElo "1934"]
[PlyCount "66"]
[EventDate "2016.05.05"]
[EventType "swiss"]
[EventRounds "7"]
[EventCountry "GER"]
[SourceTitle "EXT 2018"]
[Source "ChessBase"]
[SourceDate "2017.10.13"]
[SourceVersion "1"]
[SourceVersionDate "2017.10.13"]
[SourceQuality "1"]

1. g3 d5 2. Bg2 Nf6 3. Nf3 g6 4. b3 Bg7 5. Bb2 c5 6. e3 0-0 7. 0-0 Nc6 8. d4 cxd4 9. Nxd4 Re8 10. Nxc6 bxc6 11. c4 Be6 12. Nd2 Qd7 13. Qe2 Bh3 14. Rfd1 Bxg2 15. Kxg2 e5 16. Qd3 e4 17. Qc2 Qf5 18. h3 h5 19. Rac1 Nh7 20. Bxg7 Kxg7 21. Qc3+ Kg8 22. Qa5 Ng5 23. Rh1 Re6 24. Qc7 Nf3 25. Rc2 Ne5 26. Qb7 Rd8 27. cxd5 Rxd5 28. Rf1 h4 29. Qb8+ Kh7 30. g4 Nxg4 31. hxg4 Qxg4+ 32. Kh1 Red6 33. Kh2 Rg5 0-1

[Event "Rheinland Pfalz op 7th"]
[Site "Frankenthal"]
[Date "2015.06.06"]
[Round "2"]
[White "Baenziger, Fabian"]
[Black "Kessler, Andreas"]
[Result "1/2-1/2"]
[WhiteElo "1952"]
[BlackElo "2135"]
[PlyCount "49"]
[EventDate "2015.06.04"]
[EventType "swiss"]
[EventRounds "7"]
[EventCountry "GER"]
[SourceTitle "EXT 2017"]
[Source "ChessBase"]
[SourceDate "2016.10.25"]
[SourceVersion "1"]
[SourceVersionDate "2016.10.25"]
[SourceQuality "1"]

1. e4 c5 2. Nf3 Qa5 3. c3 Nc6 4. Na3 d6 5. Nc4 Qc7 6. d4 Bd7 7. Be2 Nf6 8. e5 dxe5 9. d5 Nb8 10. Nfxe5 Bf5 11. Bf4 Qd8 12. Ne3 Bc8 13. Qb3 Nbd7 14. Bf3 Qb6 15. Qc2 g6 16. N3c4 Qa6 17. 0-0 Bg7 18. Nxd7 Bxd7 19. Ne5 Bf5 20. Qb3 0-0 21. Rfe1 Rad8 22. c4 Rfe8 23. Nd3 b6 24. Be5 Qc8 25. Qc3 1/2-1/2

[Event "Rheinland Pfalz op 7th"]
[Site "Frankenthal"]
[Date "2015.06.06"]
[Round "6"]
[White "Kessler, Andreas"]
[Black "Kurayan, Ruslan"]
[Result "0-1"]
[WhiteElo "2135"]
[BlackElo "2411"]
[PlyCount "52"]
[EventDate "2015.06.04"]
[EventType "swiss"]
[EventRounds "7"]
[EventCountry "GER"]
[SourceTitle "EXT 2017"]
[Source "ChessBase"]
[SourceDate "2016.10.25"]
[SourceVersion "1"]
[SourceVersionDate "2016.10.25"]
[SourceQuality "1"]

1. d4 Nf6 2. Nf3 g6 3. Nc3 d5 4. Bf4 Bg7 5. h3 0-0 6. e3 b6 7. Be5 Bb7 8. Bb5 c5 9. Be2 Nc6 10. Bh2 Ne4 11. Nb5 a6 12. Na3 b5 13. 0-0 b4 14. Nb1 Qb6 15. c3 bxc3 16. Nxc3 cxd4 17. Nxd5 Qc5 18. Nc7 dxe3 19. Nxa8 exf2+ 20. Kh1 Bxa8 21. Bd3 Nd4 22. Rc1 Qb6 23. Nxd4 Bxd4 24. Rc4 Rd8 25. Bc7 Qe6 26. Qe2 Ng3+ 0-1

[Event "Rheinland Pfalz op 7th"]
[Site "Frankenthal"]
[Date "2015.06.04"]
[Round "1"]
[White "Kessler, Andreas"]
[Black "Kissel, Ralf"]
[Result "1-0"]
[WhiteElo "2135"]
[BlackElo "1755"]
[PlyCount "81"]
[EventDate "2015.06.04"]
[EventType "swiss"]
[EventRounds "7"]
[EventCountry "GER"]
[SourceTitle "EXT 2017"]
[Source "ChessBase"]
[SourceDate "2016.10.25"]
[SourceVersion "1"]
[SourceVersionDate "2016.10.25"]
[SourceQuality "1"]

1. g3 d5 2. Bg2 Nf6 3. Nf3 c6 4. b3 Bf5 5. Bb2 Nbd7 6. d3 e6 7. Nh4 Bg6 8. Nxg6 hxg6 9. Nd2 Qb6 10. e3 Bd6 11. Qe2 e5 12. 0-0 0-0 13. Rfb1 Rfe8 14. c4 Rac8 15. b4 Bb8 16. Qd1 Nf8 17. Qb3 Rcd8 18. a4 dxc4 19. Nxc4 Qc7 20. Rd1 Qc8 21. b5 cxb5 22. Qxb5 Qf5 23. d4 exd4 24. Qxf5 gxf5 25. Bxd4 Ne4 26. Na5 Rd7 27. Rdb1 b6 28. Nc6 Bd6 29. a5 Rc8 30. axb6 axb6 31. Rxb6 Rdc7 32. Bxe4 fxe4 33. Na7 Rc1+ 34. Rxc1 Rxc1+ 35. Kg2 Be7 36. Rb8 f6 37. Nc8 Ba3 38. Nb6 Kf7 39. Rb7+ Kg8 40. Nd5 Rd1 41. Nc3 1-0

[Event "Stuttgart-chA op"]
[Site "Ditzingen"]
[Date "2015.05.14"]
[Round "1"]
[White "Wimmer, Thomas"]
[Black "Kessler, Andreas"]
[Result "0-1"]
[WhiteElo "1918"]
[BlackElo "2141"]
[PlyCount "54"]
[EventDate "2015.05.14"]
[EventType "swiss"]
[EventRounds "7"]
[EventCountry "GER"]
[SourceTitle "EXT 2018"]
[Source "ChessBase"]
[SourceDate "2017.10.13"]
[SourceVersion "1"]
[SourceVersionDate "2017.10.13"]
[SourceQuality "1"]

1. d4 Nf6 2. c4 g6 3. Nc3 d5 4. Qb3 dxc4 5. Qxc4 Bg7 6. Nf3 c6 7. e4 Na6 8. Bf4 0-0 9. Be2 Qa5 10. 0-0 Be6 11. Qa4 Qxa4 12. Nxa4 Nxe4 13. Bxa6 bxa6 14. Rfe1 Bd5 15. Ne5 Rfd8 16. Rac1 Rac8 17. Nc5 Nxc5 18. Rxc5 Bf8 19. Ng4 Bxa2 20. Nh6+ Kg7 21. h4 f6 22. h5 Rxd4 23. Be3 Re4 24. f3 Rxe3 25. Nf5+ gxf5 26. Rxe3 e5 27. f4 Bxc5 0-1

[Event "Luxembourg-chT 1415"]
[Site "Luxembourg"]
[Date "2015.03.01"]
[Round "8"]
[White "Linster, Philippe"]
[Black "Kessler, Andreas"]
[Result "1-0"]
[WhiteElo "2125"]
[BlackElo "2135"]
[PlyCount "113"]
[EventDate "2014.10.05"]
[EventType "team-tourn"]
[EventRounds "10"]
[EventCountry "LUX"]
[SourceTitle "EXT 2017"]
[Source "ChessBase"]
[SourceDate "2016.10.25"]
[SourceVersion "1"]
[SourceVersionDate "2016.10.25"]
[SourceQuality "1"]

1. c4 e5 2. g3 Nf6 3. Bg2 Nc6 4. Nc3 Bb4 5. Nd5 Bc5 6. a3 a5 7. e3 0-0 8. Ne2 Re8 9. 0-0 Bf8 10. b3 d6 11. Bb2 Nxd5 12. cxd5 Nb8 13. f4 g6 14. Qc2 Bg4 15. Rf2 Bxe2 16. Rxe2 exf4 17. Qc3 f6 18. gxf4 Bg7 19. Bh3 Re7 20. Be6+ Kf8 21. f5 Nd7 22. e4 Nc5 23. Qh3 Nxe6 24. dxe6 Kg8 25. Rf1 Qe8 26. Rg2 Ra6 27. Qh4 g5 28. Rxg5 fxg5 29. Qxg5 h6 30. Qg4 Kh7 31. f6 Qg6 32. Qxg6+ Kxg6 33. fxe7 Ra8 34. Rf7 Bxb2 35. Rf8 Re8 36. Rxe8 Kf6 37. Rc8 Kxe7 38. Rxc7+ Kxe6 39. Rxb7 Bxa3 40. Kf2 Ke5 41. Rb5+ Kxe4 42. Rxa5 Bb2 43. Ke2 Bf6 44. Ra4+ Kd5 45. Kd3 Kc5 46. Rf4 Bg7 47. h4 d5 48. h5 Be5 49. Rf5 Bb2 50. b4+ Kd6 51. Kc2 Bd4 52. Kb3 Ke6 53. Rf3 Ke5 54. d3 Bg1 55. Ka4 Bd4 56. Kb5 Kd6 57. Ka6 1-0

[Event "Luxembourg-chT 1415"]
[Site "Luxembourg"]
[Date "2015.02.01"]
[Round "7"]
[White "Wagener, Claude"]
[Black "Kessler, Andreas"]
[Result "1/2-1/2"]
[WhiteElo "2247"]
[BlackElo "2135"]
[PlyCount "117"]
[EventDate "2014.10.05"]
[EventType "team-tourn"]
[EventRounds "10"]
[EventCountry "LUX"]
[SourceTitle "EXT 2017"]
[Source "ChessBase"]
[SourceDate "2016.10.25"]
[SourceVersion "1"]
[SourceVersionDate "2016.10.25"]
[SourceQuality "1"]

1. e4 c5 2. Nf3 d6 3. d4 cxd4 4. Nxd4 Nf6 5. Nc3 a6 6. Bd3 g6 7. f4 Bg7 8. Nf3 Nc6 9. 0-0 0-0 10. Qe1 Nb4 11. Kh1 Bg4 12. Qh4 Nxd3 13. cxd3 Bd7 14. f5 Bc6 15. Bh6 Qb6 16. Nd1 Qb5 17. Nf2 Qxb2 18. Rae1 Rae8 19. Ng5 Qd4 20. Bxg7 Kxg7 21. Ng4 Rh8 22. Nh6 Qxd3 23. Ngxf7 Bxe4 24. Nxh8 Rxh8 25. Ng4 gxf5 26. Qg5+ Kf7 27. Nxf6 exf6 28. Qh5+ Kg7 29. Rc1 Bc6 30. Rfe1 Qd5 31. Rc2 Rf8 32. Rd2 Qf7 33. Qxf5 Qg6 34. Qf2 Rf7 35. Rxd6 h5 36. Rd4 Kh7 37. Qg3 Rg7 38. Qxg6+ Rxg6 39. Re2 f5 40. Kg1 Kh6 41. g3 Be4 42. Red2 Kg5 43. Rd6 Rg8 44. Rd8 Rg7 45. R2d7 Rg6 46. Rd6 Rg7 47. Rh8 Kg4 48. Kf2 Rg5 49. Rf6 Kh3 50. Rfh6 Kg4 51. a3 a5 52. h3+ Kxh3 53. Rxh5+ Rxh5 54. Rxh5+ Kg4 55. Rh4+ Kg5 56. a4 Bc6 57. Rc4 Be8 58. Ke3 Bd7 59. Kf2 1/2-1/2

[Event "Luxembourg-chT 1415"]
[Site "Luxembourg"]
[Date "2014.12.14"]
[Round "5"]
[White "Berend, Fred"]
[Black "Kessler, Andreas"]
[Result "1-0"]
[WhiteElo "2373"]
[BlackElo "2108"]
[PlyCount "107"]
[EventDate "2014.10.05"]
[EventType "team-tourn"]
[EventRounds "10"]
[EventCountry "LUX"]
[SourceTitle "EXT 2017"]
[Source "ChessBase"]
[SourceDate "2016.10.25"]
[SourceVersion "1"]
[SourceVersionDate "2016.10.25"]
[SourceQuality "1"]

1. d4 e6 2. e4 d5 3. Nc3 h6 4. Bd3 Bb4 5. e5 c5 6. a3 Bxc3+ 7. bxc3 Qa5 8. Bd2 c4 9. Be2 Bd7 10. h4 Na6 11. Nh3 0-0-0 12. 0-0 Ne7 13. Nf4 Rdg8 14. a4 Nf5 15. h5 Kb8 16. Qc1 Ka8 17. g4 Ne7 18. Qa3 Nc8 19. Rfb1 Rd8 20. Bf3 Bc6 21. Bg2 Rd7 22. Nh3 Nb6 23. f4 Nxa4 24. f5 Qd8 25. Rf1 Rg8 26. Rf3 Qe8 27. Raf1 Nc7 28. Rg3 Nb6 29. f6 g5 30. hxg6 Rxg6 31. Nf4 Rg8 32. Kf2 Ba4 33. Qc1 Qf8 34. Rh1 Nb5 35. Bf3 Rd8 36. Ne2 Qa3 37. Qb1 Rg6 38. Nf4 Rgg8 39. Bd1 Rh8 40. Rgh3 Rdg8 41. Qc1 Qa2 42. Ng2 Na3 43. Ne1 Rc8 44. Rxh6 Rhd8 45. R1h3 Be8 46. Rh7 Na4 47. g5 b5 48. g6 fxg6 49. f7 Bxf7 50. Rxf7 b4 51. cxb4 c3 52. Bg5 Rh8 53. Rxh8 Rxh8 54. Qf4 1-0

[Event "Luxembourg-chT 1415"]
[Site "Luxembourg"]
[Date "2014.11.09"]
[Round "3"]
[White "Bakalarz, Mietek"]
[Black "Kessler, Andreas"]
[Result "1/2-1/2"]
[WhiteElo "2350"]
[BlackElo "2108"]
[PlyCount "120"]
[EventDate "2014.10.05"]
[EventType "team-tourn"]
[EventRounds "10"]
[EventCountry "LUX"]
[SourceTitle "EXT 2017"]
[Source "ChessBase"]
[SourceDate "2016.10.25"]
[SourceVersion "1"]
[SourceVersionDate "2016.10.25"]
[SourceQuality "1"]

1. d4 Nf6 2. Nf3 g6 3. Bf4 d6 4. e3 Nh5 5. Bg5 h6 6. Bh4 g5 7. Bg3 Bg7 8. c3 Nd7 9. Nbd2 e6 10. a4 a5 11. Nc4 Qe7 12. Be2 Nxg3 13. hxg3 b6 14. Rb1 Bb7 15. Bd3 e5 16. Bf5 e4 17. Nfd2 d5 18. Na3 Nf6 19. 0-0 0-0 20. c4 Ba6 21. Qb3 Ne8 22. f3 exf3 23. Rxf3 dxc4 24. Naxc4 Bb7 25. Rf2 Bd5 26. Bc2 Qe6 27. Qd3 f5 28. Rxf5 Rxf5 29. Qxf5 Bxc4 30. Nxc4 Qxf5 31. Bxf5 Rd8 32. Rc1 Kf8 33. Kf2 Ke7 34. Ke2 Nd6 35. Bg6 Nxc4 36. Rxc4 Kd6 37. Rc3 Rf8 38. Be4 c5 39. Rb3 Rb8 40. Rb5 cxd4 41. exd4 Kc7 42. Kd3 Rd8 43. Bd5 Bf8 44. Kc4 Bb4 45. Bf3 Be1 46. g4 Bf2 47. Bd5 Re8 48. b4 axb4 49. Rxb4 Re1 50. Bf3 Rc1+ 51. Kd5 Be1 52. Rb2 Rc3 53. Ke4 Rc4 54. Bd1 Bc3 55. Kd3 Rxd4+ 56. Kxc3 Rxd1 57. Rf2 Rd6 58. Kc4 Kc6 59. Rf8 Re6 60. Rc8+ Kd7 1/2-1/2

[Event "Luxembourg-chT 1314"]
[Site "Luxembourg"]
[Date "2014.03.30"]
[Round "9"]
[White "Chalabi, Khaled"]
[Black "Kessler, Andreas"]
[Result "0-1"]
[WhiteElo "1656"]
[BlackElo "2108"]
[PlyCount "38"]
[EventDate "2013.10.05"]
[EventType "team-tourn"]
[EventRounds "10"]
[EventCountry "LUX"]
[SourceTitle "EXT 2017"]
[Source "ChessBase"]
[SourceDate "2016.10.25"]
[SourceVersion "1"]
[SourceVersionDate "2016.10.25"]
[SourceQuality "1"]

1. d4 g6 2. Bf4 Bg7 3. e3 Nf6 4. Be2 d6 5. h3 Nbd7 6. Nf3 b6 7. Nbd2 Bb7 8. 0-0 0-0 9. c3 Re8 10. Bh2 e5 11. dxe5 dxe5 12. Qa4 Nc5 13. Qc2 e4 14. Nd4 Qe7 15. Nb5 Rec8 16. Rad1 a6 17. Nd4 Ncd7 18. Nc4 Bd5 19. Nf5 gxf5 0-1

[Event "BEL-chT 1314"]
[Site "Belgium"]
[Date "2013.12.15"]
[Round "6.8"]
[White "Stas, Richard"]
[Black "Kessler, Andreas"]
[Result "0-1"]
[WhiteElo "1773"]
[BlackElo "2184"]
[PlyCount "142"]
[EventDate "2013.09.22"]
[EventType "team-tourn"]
[EventRounds "11"]
[EventCountry "BEL"]
[SourceTitle "EXT 2015"]
[Source "ChessBase"]
[SourceDate "2014.11.20"]
[SourceVersion "1"]
[SourceVersionDate "2014.11.20"]
[SourceQuality "1"]
[WhiteTeam "Liege Crelel"]
[BlackTeam "Wirtzfeld"]
[WhiteTeamCountry "BEL"]
[BlackTeamCountry "BEL"]

1. b3 d5 2. Bb2 Nh6 3. e3 Nc6 4. Bb5 Bd7 5. Nf3 f6 6. d4 a6 7. Be2 Bf5 8. Nh4 Be6 9. Nd2 Bf7 10. Ba3 g5 11. Nhf3 Bg7 12. h3 Nf5 13. c3 Nd6 14. Bd3 e5 15. Be2 e4 16. Nh2 0-0 17. Bh5 Be6 18. c4 f5 19. cxd5 Bxd5 20. 0-0 Qe7 21. Rc1 Qe6 22. Rc5 Rfc8 23. Be2 Ne7 24. Qc1 c6 25. Nc4 Bxc4 26. Bxc4 Nxc4 27. Rxc4 Nd5 28. Qd2 Re8 29. Re1 Qg6 30. Kh1 Re6 31. Rg1 Qh5 32. Re1 Rae8 33. Qe2 Qh6 34. Qf1 Bf6 35. Kg1 Bd8 36. b4 Bc7 37. g3 Bd6 38. Rb1 Qh5 39. Bc1 Rh6 40. Bd2 Qxh3 41. Qxh3 Rxh3 42. Kg2 g4 43. a4 Nb6 44. Rc2 Nxa4 45. d5 cxd5 46. Rbc1 Nb6 47. b5 axb5 48. Ra2 Nc4 49. Be1 Bc5 50. Rb1 Nd6 51. Bc3 Kf7 52. Nf1 Ke6 53. Nd2 Rc8 54. Bb4 Bxb4 55. Rxb4 Rc1 56. Nf1 Rh6 57. Ra8 Rc2 58. Ra7 Rf6 59. Rd4 Rf7 60. Nd2 Rb2 61. Ra8 Rc7 62. Ra1 Rcc2 63. Rd1 f4 64. Nf1 Nf5 65. Rxd5 fxe3 66. Rxf5 Rxf2+ 67. Rxf2 Rxf2+ 68. Kg1 e2 69. Rd5 Kxd5 70. Kxf2 exf1Q+ 71. Kxf1 b4 0-1

[Event "Rheinland Pfalz op 5th"]
[Site "Worms"]
[Date "2013.05.31"]
[Round "3"]
[White "Kessler, Andreas"]
[Black "Wilhelm, Till"]
[Result "1-0"]
[WhiteElo "2181"]
[BlackElo "1872"]
[PlyCount "121"]
[EventDate "2013.05.30"]
[EventType "swiss"]
[EventRounds "7"]
[EventCountry "GER"]
[SourceTitle "EXT 2014"]
[Source "ChessBase"]
[SourceDate "2013.11.20"]
[SourceVersion "1"]
[SourceVersionDate "2013.11.20"]
[SourceQuality "1"]

1. e4 e5 2. Nc3 Nf6 3. Bc4 Bc5 4. d3 Nc6 5. Bg5 Na5 6. Qf3 Nxc4 7. dxc4 Be7 8. Bxf6 Bxf6 9. Nd5 c6 10. Nxf6+ Qxf6 11. Qxf6 gxf6 12. Ne2 Ke7 13. c5 b6 14. cxb6 axb6 15. Ng3 d5 16. 0-0 dxe4 17. Nxe4 Bf5 18. Ng3 Be6 19. a3 Rhd8 20. Rac1 Rd4 21. Rfe1 b5 22. Re4 Raa4 23. f3 c5 24. Re2 Ra8 25. Ne4 Rc8 26. Kf2 Bc4 27. Rd2 Bd5 28. c3 Rxd2+ 29. Nxd2 c4 30. Re1 Kd6 31. Ne4+ Ke6 32. Ng3 f5 33. Ne2 Kd6 34. Rd1 f4 35. g3 fxg3+ 36. hxg3 h5 37. Rh1 Rh8 38. Rh4 f5 39. Ke3 Ke6 40. f4 Bc6 41. fxe5 Kxe5 42. Nd4 Rh6 43. Nxc6+ Rxc6 44. Rxh5 Rg6 45. Kf3 Rg7 46. Rh8 Kd5 47. Rf8 Rg5 48. Rf6 Kc5 49. Re6 Kd5 50. Re3 Rg4 51. Re2 Rg8 52. Re7 Kd6 53. Ra7 Kc6 54. Ra6+ Kb7 55. Rf6 Rg5 56. Rh6 Kc7 57. Rh3 Rg6 58. Rh5 Rd6 59. Rxf5 Rd3+ 60. Ke2 Kc6 61. Rf3 1-0